[Event "SR 5. liga SE-SI 2013/2014"]
[Site "?"]
[Date "2014.02.01"]
[Round "7.1"]
[White "Zajicek, Ferdinand"]
[Black "Kridl, Oliver"]
[Result "1-0"]
[WhiteElo "1823"]
[BlackElo "1250"]
[PlyCount "119"]
[EventDate "2013.??.??"]

1. e4 e6 2. Nf3 d5 3. exd5 exd5 4. d4 Nf6 5. Nc3 Bb4 6. Bd2 O-O 7. Be2 Bf5 8.
O-O Re8 9. Rc1 Nc6 10. a3 Ba5 11. Re1 a6 12. Bf1 h6 13. h3 Bh7 14. Re2 Bb6 15.
Be3 Ne4 16. Qe1 Nf6 17. Qd2 Ne4 18. Qe1 Nf6 19. Qd1 Ne4 20. Re1 Ba5 21. Bd3
Nxc3 22. Bxh7+ Kxh7 23. bxc3 Qf6 24. Qd3+ Kg8 25. Nh2 Re6 26. Bd2 Rae8 27. Ng4
Qh4 28. Re3 Rxe3 29. Nxe3 Ne7 30. Re1 Rf8 31. Nf5 Nxf5 32. Qxf5 Qd8 33. Re3 Qg5
34. Qxg5 hxg5 35. Re5 c6 36. Rxg5 Re8 37. Kf1 f6 38. Rg3 Bc7 39. Re3 Re4 40. f3
Rxe3 41. Bxe3 Bd6 42. Bc1 Kf7 43. g4 Kg6 44. Ke2 f5 45. Kd3 f4 46. c4 Kg5 47.
cxd5 cxd5 48. c4 Kh4 49. cxd5 Kxh3 50. Ke4 Kg3 51. Bd2 Bxa3 52. Bxf4+ Kh4 53.
d6 b5 54. d7 Be7 55. Bc7 Kg5 56. d8=Q Bxd8 57. Bxd8+ Kg6 58. Ba5 Kf6 59. d5 Ke7
60. Ke5 1-0

[Event "SR 5. liga SE-SI 2013/2014"]
[Site "?"]
[Date "2014.02.01"]
[Round "7.1"]
[White "Nereca, Tomas"]
[Black "Kastler, Peter"]
[Result "0-1"]
[WhiteElo "1000"]
[BlackElo "1710"]
[PlyCount "50"]
[EventDate "2013.??.??"]

1. e4 e6 2. d3 Nc6 3. Nc3 d5 4. g3 Bb4 5. a3 Ba5 6. Bd2 Nf6 7. Rb1 O-O 8. b4
Bb6 9. h4 d4 10. g4 dxc3 11. Bxc3 e5 12. g5 Ng4 13. d4 exd4 14. Bb2 f5 15. Qf3
Qe7 16. Bh3 Qxe4+ 17. Qxe4 fxe4 18. h5 Nxf2 19. Rh2 Nxh3 20. Nxh3 Bxh3 21. Rxh3
Rf5 22. Ke2 Raf8 23. Rf1 Rxf1 24. Bxd4 Bxd4 25. c3 R8f2# 0-1

[Event "SR 5. liga SE-SI 2013/2014"]
[Site "?"]
[Date "2014.02.01"]
[Round "7.1"]
[White "Papanek, Lubomir"]
[Black "Mihal, Jan"]
[Result "1-0"]
[WhiteElo "1635"]
[BlackElo "1000"]
[PlyCount "49"]
[EventDate "2013.??.??"]

1. d4 d5 2. c4 dxc4 3. e4 e6 4. Bxc4 a6 5. Nf3 b5 6. Be2 c6 7. O-O Bd6 8. e5
Bb4 9. a3 Ba5 10. b4 Nf6 11. exf6 Qxf6 12. bxa5 Nd7 13. Bg5 Qf5 14. Bd3 Qd5 15.
Nc3 Qd6 16. Ne4 h6 17. Nxd6+ Kf8 18. Bd2 g5 19. Ne5 f6 20. Ng6+ Kg7 21. Nxh8
Kxh8 22. Qh5 e5 23. Qxh6+ Kg8 24. Qh7+ Kf8 25. Qf7# 1-0

[Event "SR 5. liga SE-SI 2013/2014"]
[Site "?"]
[Date "2014.02.01"]
[Round "7.2"]
[White "Tomasovic, Roman"]
[Black "Diviak, Rastislav"]
[Result "1/2-1/2"]
[WhiteElo "1337"]
[BlackElo "1998"]
[PlyCount "47"]
[EventDate "2013.??.??"]

1. d4 d5 2. c4 e6 3. e3 Nf6 4. Nc3 c6 5. Bd2 Nbd7 6. Nf3 Bd6 7. Bd3 O-O 8. O-O
Re8 9. e4 dxe4 10. Nxe4 Nxe4 11. Bxe4 Qc7 12. Qc2 Nf8 13. Bc3 b6 14. Rfe1 Bb7
15. Rad1 Rad8 16. b3 Be7 17. Re2 Bf6 18. Red2 Rd7 19. Ne5 Bxe5 20. dxe5 Red8
21. Rxd7 Rxd7 22. Rxd7 Qxd7 23. Qd2 Qxd2 24. Bxd2 1/2-1/2

[Event "SR 5. liga SE-SI 2013/2014"]
[Site "?"]
[Date "2014.02.01"]
[Round "7.2"]
[White "Jocham, Wolfgang"]
[Black "Tomasovic, Pavol"]
[Result "1/2-1/2"]
[WhiteElo "1000"]
[BlackElo "1302"]
[PlyCount "36"]
[EventDate "2013.??.??"]

1. e4 e6 2. Nc3 d5 3. d3 c5 4. Nh3 Nc6 5. Bf4 dxe4 6. dxe4 Qb6 7. b3 Be7 8. Nb5
e5 9. Be3 Nf6 10. Nd6+ Bxd6 11. Qxd6 Nxe4 12. Qd3 Qb4+ 13. Bd2 Nxd2 14. Qxd2
Qxd2+ 15. Kxd2 O-O 16. Bc4 Bf5 17. Ng5 Rad8+ 18. Kc3 Bg6 1/2-1/2

[Event "SR 5. liga SE-SI 2013/2014"]
[Site "?"]
[Date "2014.02.01"]
[Round "7.2"]
[White "Nemeckay, Dominik"]
[Black "Hrdlicka, Martin"]
[Result "1-0"]
[WhiteElo "1415"]
[BlackElo "1007"]
[PlyCount "53"]
[EventDate "2013.??.??"]

1. e4 e5 2. Nf3 Nc6 3. Bc4 Bc5 4. c3 Nf6 5. d3 O-O 6. O-O d6 7. Re1 d5 8. exd5
Nxd5 9. Nxe5 Re8 10. Nxc6 Rxe1+ 11. Qxe1 bxc6 12. d4 Bb6 13. a4 a5 14. Nd2 Ba6
15. Bxa6 Rxa6 16. Nc4 Ba7 17. Qe2 Bb6 18. Ne5 Qe8 19. Qxa6 f6 20. Nf3 g5 21.
Bd2 Qe4 22. Re1 Qc2 23. Qc8+ Kg7 24. Qd7+ Kg6 25. Qe6 c5 26. Ne5+ Kh5 27. Qh3#
1-0

[Event "SR 5. liga SE-SI 2013/2014"]
[Site "?"]
[Date "2014.02.01"]
[Round "7.2"]
[White "Svarc, Vaclav"]
[Black "Drinka, Robert"]
[Result "0-1"]
[WhiteElo "1000"]
[BlackElo "1427"]
[PlyCount "76"]
[EventDate "2013.??.??"]

1. e4 e5 2. Nf3 Nc6 3. Nc3 d6 4. Bc4 Be6 5. d3 Be7 6. Bg5 Bxg5 7. Nxg5 Qxg5 8.
g3 Nd4 9. Qd2 Nf3+ 10. Kf1 Nxd2+ 11. Kg2 Nxc4 12. dxc4 Bxc4 13. b3 Ba6 14. Nd5
O-O-O 15. h4 Qg4 16. f3 Qe6 17. a4 b6 18. b4 Bb7 19. a5 f5 20. c4 fxe4 21. fxe4
Nf6 22. Nxf6 Qxf6 23. c5 Bxe4+ 24. Kh3 Bxh1 25. Rxh1 Qf5+ 26. Kg2 Qe4+ 27. Kh2
Qxb4 28. cxb6 cxb6 29. axb6 axb6 30. Rc1+ Kb7 31. g4 Qd2+ 32. Kg3 Qxc1 33. h5
Qf4+ 34. Kh4 Qh2+ 35. Kg5 h6+ 36. Kf5 Qf4+ 37. Ke6 Rhe8+ 38. Kd5 Qd4# 0-1

[Event "SR 5. liga SE-SI 2013/2014"]
[Site "?"]
[Date "2014.02.01"]
[Round "7.2"]
[White "Zemankova, Gabriela"]
[Black "Jocham, Matthias"]
[Result "1-0"]
[WhiteElo "1000"]
[BlackElo "1000"]
[PlyCount "25"]
[EventDate "2013.??.??"]

1. e4 e5 2. Nf3 Nf6 3. Bc4 Bb4 4. Nxe5 Bc5 5. Nc3 Nc6 6. Nxf7 Bxf2+ 7. Kxf2
Ng4+ 8. Qxg4 Ne5 9. Qxg7 Rg8 10. Qxg8+ Ke7 11. Nxd8 Ng4+ 12. Qxg4 d6 13. Qg5+
1-0

[Event "SR 5. liga SE-SI 2013/2014"]
[Site "?"]
[Date "2014.02.01"]
[Round "7.3"]
[White "Sobek, Michal"]
[Black "Trojkova, Michaela"]
[Result "1/2-1/2"]
[WhiteElo "1230"]
[BlackElo "1455"]
[PlyCount "99"]
[EventDate "2013.??.??"]

1. e4 c5 2. Nf3 d6 3. c3 Nf6 4. Bc4 Nxe4 5. Qa4+ Bd7 6. Bxf7+ Kxf7 7. Qxe4 Nc6
8. Qc4+ e6 9. O-O Be7 10. Qf4+ Ke8 11. Qg3 Rg8 12. Na3 d5 13. Nb5 Kf8 14. Qf4+
Bf6 15. Re1 e5 16. Qe3 Qb6 17. Na3 Re8 18. d3 h6 19. Nd2 Bg5 20. Qf3+ Ke7 21.
Qxd5 Bxd2 22. Bxd2 Qxb2 23. Nc4 Qb5 24. Nd6 Be6 25. Nxb5 Bxd5 26. Nc7 Rd8 27.
f4 Kd6 28. Nb5+ Kd7 29. fxe5 Rde8 30. Bf4 Rgf8 31. Bg3 Re7 32. Nd6 b6 33. a3 g5
34. h3 h5 35. Bh2 a6 36. Re2 Nd8 37. Rf1 Rxf1+ 38. Kxf1 Nc6 39. Kf2 Ke6 40. c4
Nd4 41. cxd5+ Kxd5 42. Ne4 Nxe2 43. Kxe2 Rg7 44. Nf6+ Ke6 45. Nxh5 Rg8 46. Nf6
Rg6 47. g4 b5 48. Ne4 Kd5 49. Kd2 c4 50. Nc3+ 1/2-1/2

[Event "SR 5. liga SE-SI 2013/2014"]
[Site "?"]
[Date "2014.02.01"]
[Round "7.3"]
[White "Ulehla, Jakub"]
[Black "Valigursky, Michal"]
[Result "1-0"]
[WhiteElo "1111"]
[BlackElo "1299"]
[PlyCount "69"]
[EventDate "2013.??.??"]

1. e4 e5 2. Nf3 Nc6 3. Bb5 a6 4. Ba4 b5 5. Bb3 Nf6 6. d3 d5 7. exd5 Nxd5 8. O-O
Bc5 9. Re1 Qd6 10. Bxd5 Qxd5 11. Be3 O-O 12. Nc3 Qd6 13. Ne4 Qd5 14. Nxc5 Bg4
15. Qe2 f5 16. c4 Qd6 17. Nb3 Qe6 18. Bd2 Rfd8 19. Bc3 Re8 20. cxb5 axb5 21.
Rac1 b4 22. Bxe5 Nxe5 23. Qxe5 Qxe5 24. Nxe5 Rxa2 25. Rb1 Bh5 26. Kf1 f4 27.
Nc6 Rxe1+ 28. Kxe1 Ra6 29. Nbd4 Rb6 30. Kd2 Be8 31. Rc1 Rb7 32. Rc4 Rb6 33.
Rxb4 Bxc6 34. Rxb6 cxb6 35. Nxc6 1-0

[Event "SR 5. liga SE-SI 2013/2014"]
[Site "?"]
[Date "2014.02.01"]
[Round "7.3"]
[White "Vozarova, Adriana"]
[Black "Kaufman, Robert"]
[Result "0-1"]
[WhiteElo "1172"]
[BlackElo "1054"]
[PlyCount "42"]
[EventDate "2013.??.??"]

1. e4 e5 2. Nf3 Nc6 3. Nc3 Nf6 4. Bb5 d6 5. d3 Be7 6. Bg5 O-O 7. O-O Bg4 8. Qd2
Bxf3 9. gxf3 Nd4 10. Qd1 c6 11. Ba4 b5 12. Bb3 Nh5 13. Bxe7 Qxe7 14. Kh1 Nf4
15. Rg1 a5 16. a4 b4 17. Nb1 Qh4 18. c3 Nde2 19. Rf1 Qh3 20. Rg1 Qxf3+ 21. Rg2
Qxg2# 0-1

[Event "SR 5. liga SE-SI 2013/2014"]
[Site "?"]
[Date "2014.02.01"]
[Round "7.3"]
[White "Jankovic, Frantisek"]
[Black "Kratochvilova, Lenka"]
[Result "1-0"]
[WhiteElo "1000"]
[BlackElo "1000"]
[PlyCount "85"]
[EventDate "2013.??.??"]

1. e4 e5 2. Nf3 Nc6 3. Bc4 Bc5 4. d3 d6 5. O-O Bg4 6. Nc3 Nd4 7. Be3 c6 8. Bxd4
Bxd4 9. a4 Nf6 10. h3 Bh5 11. g4 Bg6 12. Nxd4 exd4 13. Ne2 d5 14. exd5 cxd5 15.
Bb5+ Nd7 16. Nxd4 O-O 17. Qf3 Nc5 18. b3 a6 19. Nc6 bxc6 20. Bxc6 Rc8 21. Qxd5
Qxd5 22. Bxd5 Ne6 23. Bb7 Rxc2 24. Bxa6 Rc3 25. b4 Ra8 26. Bb7 Bxd3 27. Bxa8
Bxf1 28. Kxf1 Nc7 29. Rd1 f6 30. Bd5+ Nxd5 31. Rxd5 Rxh3 32. a5 Kf7 33. a6 Ra3
34. Ra5 Rb3 35. a7 Rxb4 36. f3 Rb1+ 37. Kg2 Rb2+ 38. Kg3 Rb1 39. a8=Q Rg1+ 40.
Kf4 g5+ 41. Kf5 Kg7 42. Ra7+ Kh6 43. Qf8# 1-0

[Event "SR 5. liga SE-SI 2013/2014"]
[Site "?"]
[Date "2014.02.01"]
[Round "7.3"]
[White "Fajtakova, Silvia"]
[Black "Nater, Nikolas"]
[Result "1-0"]
[WhiteElo "1109"]
[BlackElo "1000"]
[PlyCount "61"]
[EventDate "2013.??.??"]

1. e4 e5 2. Nf3 Nc6 3. Nc3 Nf6 4. d4 Bd6 5. d5 Nd4 6. Nxd4 exd4 7. Qe2 dxc3 8.
e5 O-O 9. bxc3 Be7 10. Bg5 d6 11. exf6 Bxf6 12. Bxf6 Qxf6 13. Qd3 Re8+ 14. Be2
Bg4 15. f3 Bf5 16. Qd2 c6 17. O-O cxd5 18. Bd3 Bh3 19. gxh3 d4 20. cxd4 Qxd4+
21. Kh1 b5 22. c3 Qd5 23. Bxh7+ Kxh7 24. Qxd5 Kg8 25. Rg1 g6 26. h4 Rad8 27. h5
Re6 28. hxg6 Rf6 29. gxf7+ Kh7 30. Qg5 Kh8 31. Qg7# 1-0

[Event "SR 5. liga SE-SI 2013/2014"]
[Site "?"]
[Date "2014.02.01"]
[Round "7.4"]
[White "Nemeckay, Rastislav"]
[Black "Beran, Jan"]
[Result "1/2-1/2"]
[WhiteElo "1986"]
[BlackElo "1694"]
[PlyCount "55"]
[EventDate "2013.??.??"]

1. e4 e5 2. Nf3 d6 3. d4 exd4 4. Qxd4 Nc6 5. Bb5 Bd7 6. Bxc6 Bxc6 7. Nc3 Nf6 8.
Bg5 Be7 9. O-O-O O-O 10. Rhe1 h6 11. Bh4 Nh7 12. Bxe7 Qxe7 13. Nd5 Bxd5 14.
exd5 Qf6 15. Re2 Qxd4 16. Nxd4 Rfe8 17. Rde1 Nf6 18. c4 Rxe2 19. Rxe2 Re8 20.
Rxe8+ Nxe8 21. Kd2 a6 22. b4 Nf6 23. f3 g6 24. Kd3 Kf8 25. Nb3 b6 26. Nd4 Nd7
27. f4 Ke8 28. a4 1/2-1/2

[Event "SR 5. liga SE-SI 2013/2014"]
[Site "?"]
[Date "2014.02.01"]
[Round "7.4"]
[White "Sukopcak, Miroslav"]
[Black "Simek, Adam"]
[Result "1-0"]
[WhiteElo "1668"]
[BlackElo "1000"]
[PlyCount "65"]
[EventDate "2013.??.??"]

1. e4 e5 2. c3 Bc5 3. d4 exd4 4. cxd4 Bb6 5. Be3 Nf6 6. Nc3 O-O 7. e5 Ne8 8.
Bd3 Nc6 9. Be4 d5 10. Bxd5 Be6 11. Bxe6 fxe6 12. Nge2 Qd5 13. Nxd5 exd5 14. O-O
Na5 15. Nf4 Nc4 16. Nxd5 c6 17. Nxb6 Nxb6 18. b3 Nc7 19. a4 Nbd5 20. Qd3 Nf4
21. Bxf4 Rxf4 22. g3 Rff8 23. f4 Nd5 24. f5 Rac8 25. Rac1 Nb4 26. Qc4+ Nd5 27.
Rce1 b5 28. Qc1 bxa4 29. bxa4 g5 30. Qxg5+ Kh8 31. f6 Rc7 32. e6 Rxf6 33. Rxf6
1-0

[Event "SR 5. liga SE-SI 2013/2014"]
[Site "?"]
[Date "2014.02.01"]
[Round "7.4"]
[White "Jankovic, Vit"]
[Black "Lauko, Tomas"]
[Result "0-1"]
[WhiteElo "1000"]
[BlackElo "1421"]
[PlyCount "54"]
[EventDate "2013.??.??"]

1. e4 d5 2. exd5 Qxd5 3. Nc3 Qa5 4. Nf3 Nc6 5. Bc4 Bf5 6. O-O e6 7. d4 O-O-O 8.
Bf4 Qb4 9. Nd2 Nxd4 10. a3 Qxb2 11. Na4 Qxc2 12. Qe1 Qxa4 13. Qe5 Qc6 14. Rac1
Qd6 15. Qxd6 Bxd6 16. Bxd6 Rxd6 17. Ba2 Ne2+ 18. Kh1 Rxd2 19. Ra1 Be4 20. f3
Bc6 21. Bc4 Nf4 22. h3 Nxg2 23. Rac1 Ne3 24. Rfe1 Bxf3+ 25. Kg1 Rg2+ 26. Kh1
Nf5 27. Bxe6+ fxe6 0-1

[Event "SR 5. liga SE-SI 2013/2014"]
[Site "?"]
[Date "2014.02.01"]
[Round "7.4"]
[White "Rehak, Miroslav"]
[Black "Kurthyova, Viktoria"]
[Result "1-0"]
[WhiteElo "1438"]
[BlackElo "1000"]
[PlyCount "109"]
[EventDate "2013.??.??"]

1. e4 e5 2. Nf3 Nf6 3. Nxe5 d6 4. Nf3 Nxe4 5. Qe2 Bf5 6. d3 Qe7 7. dxe4 Bxe4 8.
Nc3 Bxf3 9. Qxe7+ Bxe7 10. gxf3 O-O 11. Nb5 Nc6 12. Bf4 a6 13. Nxc7 Rac8 14.
Nd5 Nb4 15. Bd3 Nxd5 16. Bg3 Nb4 17. Kd2 Nxd3 18. cxd3 Bg5+ 19. f4 Bf6 20. Rab1
Rc7 21. Rhc1 Rfc8 22. Rxc7 Rxc7 23. f5 b5 24. Bxd6 Rc6 25. Bf4 Rb6 26. b3 b4
27. Rc1 Bc3+ 28. Ke2 h6 29. Kf3 g5 30. fxg6 fxg6 31. Bxh6 Kh7 32. Be3 Rd6 33.
Rd1 Bd4 34. h4 Bxe3 35. fxe3 a5 36. e4 Rd4 37. Ke3 Rd6 38. e5 Rd5 39. d4 Rd8
40. d5 Kh6 41. Ke4 Kh5 42. Rh1 g5 43. hxg5+ Kxg5 44. Rf1 Kg6 45. e6 Kg7 46. Ke5
Rf8 47. Rg1+ Kh7 48. d6 Rd8 49. e7 Re8 50. Kf6 Kh6 51. d7 Rxe7 52. d8=Q Rh7 53.
Qxa5 Rh8 54. Qg5+ Kh7 55. Rh1# 1-0

[Event "SR 5. liga SE-SI 2013/2014"]
[Site "?"]
[Date "2014.02.01"]
[Round "7.4"]
[White "Nesnadny, Tomas"]
[Black "Drozd, Jan"]
[Result "0-1"]
[WhiteElo "1000"]
[BlackElo "1574"]
[PlyCount "80"]
[EventDate "2013.??.??"]

1. e4 c5 2. Bc4 d6 3. d3 Nf6 4. Nc3 a6 5. Nf3 e6 6. Be3 Be7 7. Qd2 O-O 8. O-O
Nc6 9. Na4 Ng4 10. Bf4 e5 11. Bg3 b5 12. Bb3 bxa4 13. Bxa4 Bb7 14. c4 Rc8 15.
Rac1 Nb4 16. a3 Nc6 17. b4 Nd4 18. Nxd4 cxd4 19. c5 dxc5 20. bxc5 Bxc5 21. Bd1
Nf6 22. Bh4 Bxa3 23. Rc2 Be7 24. Re1 a5 25. Ra2 Bb4 26. Qe2 Bxe1 27. Qxe1 Rc3
28. Qe2 Ba8 29. Bxf6 Qxf6 30. Qb2 Rxd3 31. Be2 Rc3 32. Rxa5 Rfc8 33. Ra1 Bxe4
34. Qb5 h6 35. Rf1 Qg6 36. g3 Rc1 37. Qxe5 Rxf1+ 38. Bxf1 d3 39. Bg2 Bxg2 40.
Kxg2 Rd8 0-1

[Event "SR 5. liga SE-SI 2013/2014"]
[Site "?"]
[Date "2014.02.01"]
[Round "7.5"]
[White "Planka, Peter"]
[Black "Holiencin, Filip"]
[Result "0-1"]
[WhiteElo "1770"]
[BlackElo "1828"]
[PlyCount "32"]
[EventDate "2013.??.??"]

1. e4 c5 2. Nf3 d6 3. d4 cxd4 4. Nxd4 Nf6 5. Nc3 a6 6. Bg5 e6 7. f4 Be7 8. Qf3
Nbd7 9. O-O-O Qc7 10. g4 b5 11. Bg2 Bb7 12. Qe2 b4 13. Na4 Rc8 14. Rd2 Qa5 15.
b3 Nc5 16. Kb1 Nfxe4 0-1

[Event "SR 5. liga SE-SI 2013/2014"]
[Site "?"]
[Date "2014.02.01"]
[Round "7.5"]
[White "Benak, Peter"]
[Black "Danihel, Jozef"]
[Result "1-0"]
[WhiteElo "1601"]
[BlackElo "1553"]
[PlyCount "111"]
[EventDate "2013.??.??"]

1. e4 d5 2. exd5 Nf6 3. Nc3 Nxd5 4. Nxd5 Qxd5 5. Nf3 Bg4 6. Be2 Nc6 7. O-O e6
8. c3 a6 9. d4 Be7 10. Bf4 Qd8 11. Ne5 Bxe2 12. Qxe2 Nxe5 13. Qxe5 Bf6 14. Qxc7
Qd5 15. Be5 Be7 16. Bg3 f6 17. Rfe1 Rd8 18. Qf4 O-O 19. Qe4 Qxe4 20. Rxe4 e5
21. dxe5 fxe5 22. Rxe5 Bd6 23. Re2 Bxg3 24. hxg3 Rd7 25. Rae1 h6 26. Re8 Rd2
27. Rxf8+ Kxf8 28. Rb1 Kf7 29. Kf1 Kf6 30. a4 Rc2 31. Ke1 g5 32. Kf1 h5 33. f3
Kf5 34. Kg1 h4 35. gxh4 gxh4 36. Kh2 Kf4 37. Kh3 b6 38. a5 b5 39. Kh2 Re2 40.
b3 Rc2 41. c4 b4 42. Kh3 Ke3 43. Re1+ Kd4 44. Re6 Rc3 45. Rxa6 Rxb3 46. Rb6
Kxc4 47. a6 Ra3 48. Kxh4 b3 49. f4 Kc5 50. Rb8 Kd6 51. a7 Rxa7 52. Rxb3 Ke6 53.
g4 Rh7+ 54. Kg3 Kf6 55. Rb6+ Kg7 56. Rb7+ 1-0

[Event "SR 5. liga SE-SI 2013/2014"]
[Site "?"]
[Date "2014.02.01"]
[Round "7.5"]
[White "Baumgartner, Milan"]
[Black "Sladek, Michal"]
[Result "0-1"]
[WhiteElo "1508"]
[BlackElo "1241"]
[PlyCount "68"]
[EventDate "2013.??.??"]

1. a3 e5 2. e4 Nf6 3. Nc3 Nc6 4. Bc4 Bc5 5. h3 a6 6. Nf3 d6 7. d3 h6 8. O-O O-O
9. Be3 Ba7 10. Qd2 Bxe3 11. Qxe3 b5 12. Bd5 Nxd5 13. Nxd5 Be6 14. Nd2 Bxd5 15.
exd5 Nd4 16. Rac1 Qg5 17. Ne4 Qxe3 18. fxe3 Ne2+ 19. Kf2 Nxc1 20. Rxc1 f5 21.
Nd2 f4 22. c4 fxe3+ 23. Kxe3 Rf7 24. d4 exd4+ 25. Kxd4 bxc4 26. Rxc4 Rf4+ 27.
Ne4 Re8 28. Kd3 Re7 29. Nd2 Rxc4 30. Nxc4 Rf7 31. Ke3 Rf5 32. Ke4 Rf2 33. g4
Rh2 34. Kf5 Kf7 0-1

[Event "SR 5. liga SE-SI 2013/2014"]
[Site "?"]
[Date "2014.02.01"]
[Round "7.5"]
[White "Cambal, Peter"]
[Black "Davidik, Miroslav"]
[Result "1/2-1/2"]
[WhiteElo "1014"]
[BlackElo "1440"]
[PlyCount "83"]
[EventDate "2013.??.??"]

1. e4 e5 2. f4 exf4 3. Nf3 g5 4. Bc4 d6 5. O-O Bg7 6. d4 h6 7. Nc3 c6 8. h4 Be6
9. Bxe6 fxe6 10. Qd3 Qe7 11. Bd2 e5 12. Rfe1 Nd7 13. d5 g4 14. dxc6 bxc6 15.
Nh2 h5 16. Nf1 Qe6 17. g3 Bh6 18. Rad1 Nc5 19. Qe2 f3 20. Qf2 Ne7 21. Be3 Bxe3
22. Nxe3 O-O 23. Kf1 Rab8 24. Rb1 Nd7 25. Rec1 d5 26. exd5 cxd5 27. Ned1 d4 28.
Ne4 Qc4+ 29. Kg1 Qd5 30. Ng5 e4 31. c4 Qe5 32. Qc2 Qxg3+ 33. Kf1 Qxh4 34. Nxe4
Qh1+ 35. Kf2 Qg2+ 36. Ke1 Qg1+ 37. Kd2 f2 38. Nexf2 Rxf2+ 39. Nxf2 Qxf2+ 40.
Kd1 Qf1+ 41. Kd2 Qf2+ 42. Kd1 1/2-1/2

[Event "SR 5. liga SE-SI 2013/2014"]
[Site "?"]
[Date "2014.02.15"]
[Round "8.1"]
[White "Mysicka, Miroslav"]
[Black "Pagac, Robert"]
[Result "1-0"]
[WhiteElo "1853"]
[BlackElo "1831"]
[PlyCount "21"]
[EventDate "2013.??.??"]

1. e4 e5 2. Nf3 Nc6 3. Bc4 Nf6 4. Ng5 Bc5 5. Nxf7 Qe7 6. Nxh8 Nxe4 7. O-O Nxf2
8. Rxf2 Qf6 9. Qf1 Bxf2+ 10. Qxf2 Qxf2+ 11. Kxf2 1-0

[Event "SR 5. liga SE-SI 2013/2014"]
[Site "?"]
[Date "2014.02.15"]
[Round "8.1"]
[White "Danihel, Jozef"]
[Black "Beran, Jan"]
[Result "1-0"]
[WhiteElo "1553"]
[BlackElo "1694"]
[PlyCount "65"]
[EventDate "2013.??.??"]

1. d4 d5 2. c4 e6 3. Nc3 Nf6 4. Bg5 Be7 5. e3 O-O 6. Nf3 h6 7. Bh4 Nc6 8. a3 a6
9. c5 Nh7 10. Bg3 Ng5 11. Bd3 Nxf3+ 12. gxf3 Bf6 13. Qc2 e5 14. dxe5 Nxe5 15.
Bxe5 Bxe5 16. O-O-O c6 17. f4 Bc7 18. Rhg1 Qf6 19. Ne2 b5 20. Nd4 Bb7 21. Rg2
Kh8 22. Rdg1 Rg8 23. Nf5 g6 24. Nxh6 Rg7 25. Rg3 Rh7 26. Rh3 Rf8 27. Ng4 Qg7
28. Rgg3 Bc8 29. Rxh7+ Qxh7 30. Nf6 Qg7 31. Nh5 Qg8 32. Qc3+ f6 33. Rxg6 1-0

[Event "SR 5. liga SE-SI 2013/2014"]
[Site "?"]
[Date "2014.02.15"]
[Round "8.1"]
[White "Davidik, Miroslav"]
[Black "Lauko, Tomas"]
[Result "1-0"]
[WhiteElo "1440"]
[BlackElo "1421"]
[PlyCount "75"]
[EventDate "2013.??.??"]

1. e4 d5 2. e5 d4 3. h3 Qd5 4. f4 Bf5 5. d3 e6 6. Nf3 Nc6 7. a3 f6 8. c4 dxc3
9. Nxc3 Qa5 10. Qb3 O-O-O 11. g4 Bxd3 12. Qxe6+ Kb8 13. Bd2 Bxf1 14. Rxf1 fxe5
15. fxe5 Nge7 16. O-O-O Ng6 17. Na2 Qc5+ 18. Bc3 Be7 19. Kb1 Rhf8 20. Rxd8+
Bxd8 21. Nd2 Rxf1+ 22. Nxf1 Ngxe5 23. Nc1 Qe7 24. Qd5 Qe8 25. Ng3 Bf6 26. Ne4
Nd7 27. Bxf6 Nxf6 28. Nxf6 gxf6 29. Nd3 a6 30. Ka1 Ka7 31. Nc5 b6 32. Nd7 Qe1+
33. Ka2 Ne7 34. Qf7 f5 35. gxf5 Qh4 36. f6 Ng6 37. Qg8 Qxh3 38. Qb8# 1-0

[Event "SR 5. liga SE-SI 2013/2014"]
[Site "?"]
[Date "2014.02.15"]
[Round "8.1"]
[White "Drozd, Jan"]
[Black "Pekar, Pavol"]
[Result "1-0"]
[WhiteElo "1574"]
[BlackElo "1177"]
[PlyCount "84"]
[EventDate "2013.??.??"]

1. d4 d5 2. c4 dxc4 3. e3 Be6 4. Qa4+ Qd7 5. Qc2 b5 6. Nf3 f6 7. Nc3 c6 8. Be2
Nh6 9. a4 b4 10. Ne4 b3 11. Qc3 Qd5 12. Ned2 Qd7 13. Bxc4 Bxc4 14. Nxc4 e6 15.
Qxb3 Be7 16. e4 O-O 17. Bxh6 gxh6 18. Qe3 Bb4+ 19. Nfd2 Qg7 20. O-O Qg5 21. f4
Qg7 22. Rf3 Kh8 23. Rg3 Qf7 24. f5 Rg8 25. Rxg8+ Qxg8 26. Qxh6 Qg7 27. Qxg7+
Kxg7 28. fxe6 Na6 29. Rf1 Rf8 30. Rf3 Re8 31. d5 Nc7 32. Rd3 Kf8 33. Nb3 Rd8
34. d6 Nxe6 35. g3 Nc5 36. Nxc5 Bxc5+ 37. Kg2 Kf7 38. e5 f5 39. Kf3 Ke6 40. Kf4
h6 41. h3 Rd7 42. Na5 Rb7 1-0

[Event "SR 5. liga SE-SI 2013/2014"]
[Site "?"]
[Date "2014.02.15"]
[Round "8.2"]
[White "Trojkova, Michaela"]
[Black "Nemeckay, Rastislav"]
[Result "1-0"]
[WhiteElo "1455"]
[BlackElo "1986"]
[PlyCount "135"]
[EventDate "2013.??.??"]

1. d4 d5 2. c4 c6 3. Nf3 Nf6 4. e3 e6 5. Bd3 a6 6. a4 Nbd7 7. O-O Bd6 8. Nc3
O-O 9. Bd2 dxc4 10. Bxc4 e5 11. dxe5 Nxe5 12. Nxe5 Bxe5 13. Qc2 Bxh2+ 14. Kxh2
Ng4+ 15. Kg3 Ne5 16. Rh1 Qg5+ 17. Kh2 Nxc4 18. Kg1 Bf5 19. e4 Qxd2 20. Qxd2
Nxd2 21. exf5 Rad8 22. Rd1 Nc4 23. Rxd8 Rxd8 24. b3 Rd3 25. bxc4 Rxc3 26. Rh4
Rd3 27. Re4 Kf8 28. Kf1 Rd7 29. g3 Re7 30. Rd4 Ke8 31. f3 f6 32. Kf2 Rd7 33.
Re4+ Kd8 34. g4 c5 35. Re6 Rd4 36. Rb6 Rd7 37. a5 Kc7 38. Re6 Kd8 39. Rb6 Re7
40. Kg3 Kc7 41. Kf2 h6 42. Kf1 Kd8 43. Kf2 Ke8 44. Kg3 Kf7 45. Kf4 Rd7 46. Ke3
g6 47. fxg6+ Kxg6 48. Kf2 Rf7 49. Kg3 h5 50. gxh5+ Kxh5 51. Kf4 Kg6 52. Ke4 Rd7
53. Ke3 Kf5 54. Rb1 Re7+ 55. Kf2 Kf4 56. Rb6 f5 57. Rb3 Rd7 58. Rb2 Rh7 59. Rb6
Ke5 60. Ke3 f4+ 61. Kd3 Rd7+ 62. Kc3 Kf5 63. Rb1 Re7 64. Kd2 Ke5 65. Re1+ Kd6
66. Rxe7 Kxe7 67. Kd3 b5 68. cxb5 1-0

[Event "SR 5. liga SE-SI 2013/2014"]
[Site "?"]
[Date "2014.02.15"]
[Round "8.2"]
[White "Simek, Adam"]
[Black "Ulehla, Jakub"]
[Result "0-1"]
[WhiteElo "1000"]
[BlackElo "1111"]
[PlyCount "46"]
[EventDate "2013.??.??"]

1. e4 c5 2. Bc4 Nc6 3. d3 e5 4. Nf3 Nf6 5. Nc3 Be7 6. O-O O-O 7. Nd5 Nxd5 8.
exd5 Nd4 9. Nxe5 Bf6 10. Qh5 Bxe5 11. Qxe5 Nxc2 12. Bh6 gxh6 13. Rac1 Nd4 14.
Rce1 d6 15. Qh5 Qf6 16. Re3 Kh8 17. Rh3 Bxh3 18. Qxh3 Rg8 19. Qd7 Qg6 20. g3 b6
21. Qb7 Ne2+ 22. Kh1 Qf5 23. d4 Qf3# 0-1

[Event "SR 5. liga SE-SI 2013/2014"]
[Site "?"]
[Date "2014.02.15"]
[Round "8.2"]
[White "Kaufman, Robert"]
[Black "Jankovic, Vit"]
[Result "1-0"]
[WhiteElo "1054"]
[BlackElo "1000"]
[PlyCount "67"]
[EventDate "2013.??.??"]

1. e4 e5 2. Nf3 Nf6 3. Nc3 Bc5 4. Bc4 O-O 5. O-O d6 6. a3 a6 7. b4 Ba7 8. d3 h6
9. Nd5 Bg4 10. h3 Bxf3 11. Qxf3 Nxd5 12. Bxd5 c6 13. Bb3 Nd7 14. Qg3 Qf6 15.
Bb2 Bb6 16. Rad1 Rac8 17. c3 c5 18. Bd5 Rc7 19. Kh1 cxb4 20. axb4 Qe7 21. f4
Kh8 22. fxe5 dxe5 23. c4 Nf6 24. Bxe5 Nh5 25. Qh2 Rcc8 26. c5 Ba7 27. Bd6 Qg5
28. Bxf8 Ng3+ 29. Kg1 Nxf1 30. Bxg7+ Qxg7 31. Rxf1 Qd4+ 32. Kh1 Qxb4 33. Rxf7
Bxc5 34. Qe5+ 1-0

[Event "SR 5. liga SE-SI 2013/2014"]
[Site "?"]
[Date "2014.02.15"]
[Round "8.2"]
[White "Kurthyova, Viktoria"]
[Black "Jankovic, Frantisek"]
[Result "0-1"]
[WhiteElo "1000"]
[BlackElo "1000"]
[PlyCount "48"]
[EventDate "2013.??.??"]

1. e4 e5 2. Nf3 Nc6 3. Bb5 Nf6 4. Nc3 Bc5 5. O-O O-O 6. Bxc6 bxc6 7. Nxe5 Bd4
8. Nf3 Bxc3 9. dxc3 Nxe4 10. Qd4 Re8 11. Bg5 f6 12. Bf4 Ba6 13. Rfe1 d5 14. Qa4
Bb5 15. Qd4 Nd6 16. Bxd6 Qxd6 17. Rxe8+ Rxe8 18. b3 a6 19. c4 dxc4 20. Qxd6
cxd6 21. Nd2 c3 22. a4 cxd2 23. axb5 Re1+ 24. Rxe1 dxe1=Q# 0-1